Đảng bộ huyện Hải Hậu rèn luyện và xây dựng đội ngũ cán bộ, đảng viên /

保存先:
書誌詳細
第一著者: Bùi Xuân Hạc.
フォーマット: 論文
言語:Vietnamese
主題:
タグ: タグ追加
タグなし, このレコードへの初めてのタグを付けませんか!
Thư viện lưu trữ: Thư viện Trường Đại học Đà Lạt
LEADER 00813nam a2200277 4500
001 DLU090090281
005 ##20090526
040 # # |a DLU  |b vie 
041 # # |a vie 
044 # # |a vn 
100 # # |a Bùi Xuân Hạc. 
245 # # |a Đảng bộ huyện Hải Hậu rèn luyện và xây dựng đội ngũ cán bộ, đảng viên /  |c Bùi Xuân Hạc. 
653 # # |a Đảng bộ 
653 # # |a Đảng viên 
653 # # |a Hải Hậu 
653 # # |a Xây dựng cán bộ 
773 # # |t Lịch sử Đảng  |g Số 3, 1994, tr. 40-41 
920 # # |a Phòng Tạp chí -- Trung tâm Thông tin - Thư viện Trường Đại học Đà Lạt 
994 # # |a DLU 
900 # # |a True 
911 # # |a Nguyễn Thị Mai Anh 
925 # # |a G 
926 # # |a A 
927 # # |a BB 
980 # # |a Thư viện Trường Đại học Đà Lạt